Planes and axes of symmetry in an elastic material / (Record no. 526753)
[ view plain ]
| 000 -LEADER | |
|---|---|
| fixed length control field | 00557nam a22001937a 4500 |
| 003 - CONTROL NUMBER IDENTIFIER | |
| control field | NUST |
| 005 - DATE AND TIME OF LATEST TRANSACTION | |
| control field | 20190716060443.0 |
| 008 - FIXED-LENGTH DATA ELEMENTS--GENERAL INFORMATION | |
| fixed length control field | 190716b ||||| |||| 00| 0 eng d |
| 038 ## - RECORD CONTENT LICENSOR | |
| Staff Name | Mr. Zahoor |
| 082 ## - DEWEY DECIMAL CLASSIFICATION NUMBER | |
| Classification number | 510 |
| 100 ## - MAIN ENTRY--PERSONAL NAME | |
| Personal name | Khan, Riaz Ahmad. |
| 9 (RLIN) | 17750 |
| 245 ## - TITLE STATEMENT | |
| Title | Planes and axes of symmetry in an elastic material / |
| Statement of responsibility, etc. | Riaz Ahmad Khan |
| 260 ## - PUBLICATION, DISTRIBUTION, ETC. | |
| Place of publication, distribution, etc. | Islambad : |
| Name of publisher, distributor, etc. | CAMP - NUST, |
| Date of publication, distribution, etc. | 2012. |
| 300 ## - PHYSICAL DESCRIPTION | |
| Extent | vii, 111 p. : |
| Dimensions | 30cm. |
| 500 ## - GENERAL NOTE | |
| General note | Hard cover. |
| 650 ## - SUBJECT ADDED ENTRY--TOPICAL TERM | |
| Topical term or geographic name entry element | Mathematics - Phd Thesis |
| 9 (RLIN) | 16989 |
| 700 ## - ADDED ENTRY--PERSONAL NAME | |
| Personal name | Prof. Faiz Ahmed |
| 9 (RLIN) | 16929 |
| 942 ## - ADDED ENTRY ELEMENTS (KOHA) | |
| Source of classification or shelving scheme | |
| Koha item type | Thesis |
| Withdrawn status | Lost status | Source of classification or shelving scheme | Damaged status | Not for loan | Permanent Location | Current Location | Shelving location | Date acquired | Total Checkouts | Full call number | Barcode | Date last seen | Price effective from | Koha item type |
|---|---|---|---|---|---|---|---|---|---|---|---|---|---|---|
| Central Library (CL) | Central Library (CL) | Thesis | 07/16/2019 | 510 | CL-T-2187 | 07/17/2019 | 07/16/2019 | Thesis |
